Szocializmusról a református ifjúságnak előadásvázlat a református fiatalság sárospataki találkozójára
Elmentve itt :
| Szerző: | |
|---|---|
| Adatforrás: | Philobibl |
| Forrásdokumentuma: | Kalligram 33.2024:5. 27-36. p. |
| Dokumentumtípus: | Cikk |
| Nyelv: | magyar |
| Kulcsszavak: | társadalomelmélet szocializmus eszmetörténet kereszténység |
| LEADER | 00510nab a2200145 c 4500 | ||
|---|---|---|---|
| 001 | bibPHI00000986 | ||
| 005 | 20240918104733.3 | ||
| 008 | 240918s2024 xo 00010 hun d | ||
| 100 | 1 | |a Tamás Gáspár Miklós | |
| 245 | 1 | 0 | |a Szocializmusról a református ifjúságnak |b előadásvázlat a református fiatalság sárospataki találkozójára |c Tamás Gáspár Miklós |
| 695 | |a társadalomelmélet | ||
| 695 | |a szocializmus | ||
| 695 | |a eszmetörténet | ||
| 695 | |a kereszténység | ||
| 773 | 0 | |t Kalligram |g 33.2024:5. 27-36. p. | |